<?xml version="1.0" encoding="UTF-8"?>
<collection xmlns="http://www.loc.gov/MARC21/slim">
 <record>
  <leader>01394nam a22003017a 4500</leader>
  <controlfield tag="001">42666</controlfield>
  <controlfield tag="003">BD-DhAAL</controlfield>
  <controlfield tag="008">240611t2000    nyua|||| |||| 00| 0 eng d</controlfield>
  <datafield tag="020" ind1=" " ind2=" ">
   <subfield code="a">0022782141</subfield>
  </datafield>
  <datafield tag="020" ind1=" " ind2=" ">
   <subfield code="a">9780022782146</subfield>
  </datafield>
  <datafield tag="040" ind1=" " ind2=" ">
   <subfield code="a">BD-DhAAL</subfield>
   <subfield code="c">BD-DhAAL</subfield>
  </datafield>
  <datafield tag="082" ind1=" " ind2=" ">
   <subfield code="a">613.7</subfield>
  </datafield>
  <datafield tag="245" ind1=" " ind2=" ">
   <subfield code="a">Human body :</subfield>
   <subfield code="b">keeping healthy /</subfield>
   <subfield code="c">Richard Moyer ... [et al.] ; McGraw-Hill Companies. McGraw-Hill School Division. National Geographic Society (U.S.). Educational Services.</subfield>
  </datafield>
  <datafield tag="246" ind1=" " ind2=" ">
   <subfield code="a">Human body keeping healthy</subfield>
  </datafield>
  <datafield tag="250" ind1=" " ind2=" ">
   <subfield code="a">Macmillan/McGraw-Hill edition</subfield>
  </datafield>
  <datafield tag="264" ind1=" " ind2=" ">
   <subfield code="a">New York :</subfield>
   <subfield code="b">McGraw-Hill School Division,</subfield>
   <subfield code="c">c2000.</subfield>
  </datafield>
  <datafield tag="300" ind1=" " ind2=" ">
   <subfield code="a">various paging : </subfield>
   <subfield code="b">color illustrations ;</subfield>
   <subfield code="c">28 cm.</subfield>
  </datafield>
  <datafield tag="490" ind1=" " ind2=" ">
   <subfield code="a">McGraw-Hill science</subfield>
  </datafield>
  <datafield tag="541" ind1=" " ind2=" ">
   <subfield code="a">Donation from the Asia Foundation/Savar Campus Library</subfield>
   <subfield code="e">42666</subfield>
  </datafield>
  <datafield tag="650" ind1=" " ind2=" ">
   <subfield code="a">Physical fitness.</subfield>
  </datafield>
  <datafield tag="650" ind1=" " ind2=" ">
   <subfield code="a">Health.</subfield>
  </datafield>
  <datafield tag="700" ind1=" " ind2=" ">
   <subfield code="a">Moyer, Richard.</subfield>
   <subfield code="9">55346</subfield>
  </datafield>
  <datafield tag="710" ind1=" " ind2=" ">
   <subfield code="a">McGraw-Hill Companies.</subfield>
   <subfield code="b">McGraw-Hill School Division.</subfield>
   <subfield code="b">National Geographic Society (U.S.).</subfield>
   <subfield code="b">Educational Services.</subfield>
   <subfield code="9">20417</subfield>
  </datafield>
  <datafield tag="830" ind1=" " ind2=" ">
   <subfield code="a">McGraw-Hill science</subfield>
   <subfield code="9">35789</subfield>
  </datafield>
  <datafield tag="852" ind1=" " ind2=" ">
   <subfield code="a">Ayesha Abed Library</subfield>
   <subfield code="c">General Stacks</subfield>
  </datafield>
  <datafield tag="942" ind1=" " ind2=" ">
   <subfield code="2">ddc</subfield>
   <subfield code="c">BK</subfield>
  </datafield>
  <datafield tag="999" ind1=" " ind2=" ">
   <subfield code="c">46721</subfield>
   <subfield code="d">46721</subfield>
  </datafield>
  <datafield tag="952" ind1=" " ind2=" ">
   <subfield code="0">0</subfield>
   <subfield code="1">0</subfield>
   <subfield code="2">ddc</subfield>
   <subfield code="4">0</subfield>
   <subfield code="6">613_700000000000000_HUM</subfield>
   <subfield code="7">0</subfield>
   <subfield code="9">75638</subfield>
   <subfield code="a">SCL</subfield>
   <subfield code="b">SCL</subfield>
   <subfield code="c">GEN</subfield>
   <subfield code="d">2024-06-11</subfield>
   <subfield code="e">Donation from the Asia Foundation/Savar Campus Library</subfield>
   <subfield code="l">0</subfield>
   <subfield code="o">613.7 HUM</subfield>
   <subfield code="p">3020042666</subfield>
   <subfield code="r">2024-06-11</subfield>
   <subfield code="t">1</subfield>
   <subfield code="w">2024-06-11</subfield>
   <subfield code="y">BK</subfield>
   <subfield code="x">Donation from the Asia Foundation/Savar Campus Library</subfield>
  </datafield>
 </record>
</collection>
